Semiconductor device physics and design

The book then details the important devices ranging from p-n diodes to bipolar and field effect devices. By relating device design to device performance and then relating device needs to system use the student can see how device design works in the real world.

Sparad:
Bibliografiska uppgifter
Huvudupphovsman: Mishra, Umesh K.
Materialtyp: Bok
Språk:Undetermined
Publicerad: New York Springer 2008
Ämnen:
Taggar: Lägg till en tagg
Inga taggar, Lägg till första taggen!
Thư viện lưu trữ: Trung tâm Học liệu Trường Đại học Cần Thơ
LEADER 00844nam a2200205Ia 4500
001 CTU_237011
008 210402s9999 xx 000 0 und d
082 |a 537.6 
082 |b M678 
100 |a Mishra, Umesh K. 
245 0 |a Semiconductor device physics and design 
245 0 |c Umesh K. Mishra, Jasprit Singh 
260 |a New York 
260 |b Springer 
260 |c 2008 
520 |a The book then details the important devices ranging from p-n diodes to bipolar and field effect devices. By relating device design to device performance and then relating device needs to system use the student can see how device design works in the real world. 
526 |a Mô phỏng linh kiện bán dẫn 
526 |b TN928 
650 |a Chất bán dẫn,Semiconductor 
980 |a Trung tâm Học liệu Trường Đại học Cần Thơ